L'Alliance - Première Guerre mondiale - Statistiques

Statistiques générales
  • Ce quiz a été pris 528 fois
    498 depuis la dernière actualisation
  • Le résultat moyen est 4 sur 6
Statistiques - réponses
Entrée dans l'Alliance Pays % Correct
1914 Empire allemand
97%
1914(partie en 1915) Italie
93%
1914 Autriche-Hongrie
92%
1914 Empire ottoman
79%
1915 Bulgarie
56%
1918 Lituanie
5%
Aucun quiz correspondant
Distribution des résultats
% des personnes avec chaque résultat
Percentile par nombre de réponses
Votre historique - résultats
Vous n’avez pas pris ce quiz depuis la dernière actualisation